People management (Record no. 222883)
[ view plain ]
| 000 -LEADER | |
|---|---|
| fixed length control field | 00720nam a22002417a 4500 |
| 005 - DATE AND TIME OF LATEST TRANSACTION | |
| control field | 20250724162322.0 |
| 008 - FIXED-LENGTH DATA ELEMENTS--GENERAL INFORMATION | |
| fixed length control field | 220511b ||||| |||| 00| 0 eng d |
| 040 ## - CATALOGING SOURCE | |
| Transcribing agency | Aloy |
| 041 ## - LANGUAGE CODE | |
| Language code of text/sound track or separate title | eng |
| 082 ## - DEWEY DECIMAL CLASSIFICATION NUMBER | |
| Edition number | 23 |
| Classification number | 658.3 |
| Item number | KUMP |
| 100 ## - MAIN ENTRY--PERSONAL NAME | |
| Personal name | Varinder Kumar |
| 100 ## - MAIN ENTRY--PERSONAL NAME | |
| 9 (RLIN) | 219973 |
| 245 ## - TITLE STATEMENT | |
| Title | People management |
| 260 ## - PUBLICATION, DISTRIBUTION, ETC. | |
| Place of publication, distribution, etc. | Ludhiana: |
| Name of publisher, distributor, etc. | Kalyani Publishers |
| Date of publication, distribution, etc. | 2022 |
| 300 ## - PHYSICAL DESCRIPTION | |
| Extent | 199p. |
| Other physical details | PB |
| Dimensions | 24x18cm. |
| 365 ## - TRADE PRICE | |
| Source of price type code | Management |
| Price type code | 567 |
| Price amount | 156.00 |
| Currency code | ₹ |
| Unit of pricing | 195.00 |
| Price note | 20% |
| Price effective from | 09-05-2022 |
| 650 ## - SUBJECT ADDED ENTRY--TOPICAL TERM | |
| Topical term or geographic name entry element | Performance Management |
| 9 (RLIN) | 36123 |
| 650 ## - SUBJECT ADDED ENTRY--TOPICAL TERM | |
| Topical term or geographic name entry element | Building Peer Networks |
| 9 (RLIN) | 36124 |
| 650 ## - SUBJECT ADDED ENTRY--TOPICAL TERM | |
| Topical term or geographic name entry element | Motivation |
| 9 (RLIN) | 36125 |
| 650 ## - SUBJECT ADDED ENTRY--TOPICAL TERM | |
| Topical term or geographic name entry element | Essetials of Communication |
| 9 (RLIN) | 36126 |
| 650 ## - SUBJECT ADDED ENTRY--TOPICAL TERM | |
| Topical term or geographic name entry element | Self Management |
| 9 (RLIN) | 36127 |
| 650 ## - SUBJECT ADDED ENTRY--TOPICAL TERM | |
| Topical term or geographic name entry element | NEP II Sem BBA |
| 9 (RLIN) | 38516 |
| 942 ## - ADDED ENTRY ELEMENTS (KOHA) | |
| Source of classification or shelving scheme | Dewey Decimal Classification |
| Koha item type | Book |
| Withdrawn status | Lost status | Source of classification or shelving scheme | Damaged status | Not for loan | Collection code | Home library | Current library | Shelving location | Date acquired | Source of acquisition | Cost, normal purchase price | Total Checkouts | Full call number | Barcode | Date last seen | Cost, replacement price | Price effective from | Koha item type | Date last checked out |
|---|---|---|---|---|---|---|---|---|---|---|---|---|---|---|---|---|---|---|---|
| Dewey Decimal Classification | Management | St Aloysius Library | St Aloysius Library | Stack Section | 05/10/2022 | Biblios Book Point, Surathkal, Mangalore-575014 | 156.00 | 658.3 KUMP | 075788 | 05/11/2022 | 195.00 | 05/11/2022 | Book | ||||||
| Dewey Decimal Classification | Management | St Aloysius Library | St Aloysius Library | Stack Section | 05/10/2022 | Biblios Book Point, Surathkal, Mangalore-575014 | 156.00 | 658.3 KUMP | 075789 | 05/11/2022 | 195.00 | 05/11/2022 | Book | ||||||
| Dewey Decimal Classification | Reference Book | Management | St Aloysius Library | St Aloysius Library | Reference Section | 05/10/2022 | Biblios Book Point, Surathkal, Mangalore-575014 | 156.00 | 1 | 658.3 KUMP | 075790 | 05/04/2024 | 195.00 | 05/11/2022 | Reference | 02/17/2024 |